History Quiz

Random History or Clickable Quiz

Operation Overlord Command Quiz Stats

 Plays Quiz Updated Jun 6, 2016

Challenge
Share
Tweet
Embed
Score 0/9 Timer 02:00
1 Play Today
% Correct
Gen. Dwight Eisenhower
84.6%
Lt. Gen. Omar Bradley
46.7%
Adm. Bertram Ramsay
46.2%
Gen. Bernard Montgomery
36.6%
RADM Alan Kirk
26.9%
RADM Philip Vian
25%
ACM Trafford Leigh-Mallory
19.8%
Maj. Gen. Miles Dempsey
19%
ACM Arthur Tedder
12.1%

You're not logged in!

Compare scores with friends on all Sporcle quizzes.
OR
Log In

You Might Also Like...

Show Comments

Extras

Top Quizzes Today


Score Distribution

Your Account Isn't Verified!

In order to create a playlist on Sporcle, you need to verify the email address you used during registration. Go to your Sporcle Settings to finish the process.

Report this User

Report this user for behavior that violates our Community Guidelines.

Details: